El Fraude con los CAT: un asalto multimillonario a los dineros del Estado; propuesta de informe de la Comisión Especial que Investiga los CAT
Gespeichert in:
| 1. Verfasser: | |
|---|---|
| Format: | Text |
| Veröffentlicht: |
San José:
Editorial Juricentro
|
| Schlagworte: | |
| Tags: |
Tag hinzufügen
Keine Tags, Fügen Sie den ersten Tag hinzu!
|
MARC
| LEADER | 00000 a a2200000 04500 | ||
|---|---|---|---|
| 001 | 11239 | ||
| 003 | |||
| 040 | |||
| 090 | |a 138800 | ||
| 100 | |a Merino del Río, José | ||
| 245 | |a El Fraude con los CAT: un asalto multimillonario a los dineros del Estado; propuesta de informe de la Comisión Especial que Investiga los CAT | ||
| 260 | |a San José: |b Editorial Juricentro | ||
| 300 | |a 107 p. | ||
| 300 | |b **no definido** |b fonodiscos | ||
| 650 | |a EXPORTACIONES | ||
| 650 | |a SUBSIDIOS A LAS EXPORTACIONES | ||
| 650 | |a POLITICA DE EXPORTACION | ||
| 650 | |a ESTADO | ||
| 650 | |a IMPUESTOS | ||
| 650 | |a MERCADO | ||
| 650 | |a SECTOR PRIVADO | ||
| 650 | |a EMPRESARIOS | ||
| 650 | |a PRODUCCION | ||
| 650 | |a CORRUPCION | ||
| 650 | |a INSTITUCIONES PUBLICAS | ||
| 999 | |c 17207 |d 17207 | ||
